000 00600nam a2200229Ia 4500
003 OSt
005 20220924151507.0
006 a|||||r|||| 00| 0
007 ta
008 220923b |||||||| |||| 00| 0 ara d
024 _a337960
037 _cTextual
040 _aARTS
_cARTS
_bara
041 _2ara
_aara
082 _aO28,1NSRH:g, N0
100 _aBayari Ibraheem Au.
_9224366
245 0 _aMuajjamul adbai
_b liyaqootul Rumi
260 _c1990
650 _aARABIC POETRY
942 _hO28,1NSRH:g, N0
_cTEXL
_2CC
999 _c466775
_d466775